000 01125nam a2200265Ia 4500
003 OSt
005 20221005105240.0
006 a|||||r|||| 00| 0
007 ta
008 221004b |||||||| |||| 00| 0 hin d
020 _a9788184576610 (hbk)
_c700
024 _a26744
037 _b2340, 19/03/2016, Success Book Service
_cTextual
040 _aCRL
_cCRL
_bhin
041 _2hin
_ahin
082 _aNR44, 152Q5
100 _aमिश्र, शंभूनाथ
245 0 _aशब्द स्वर समागम
_b हिन्दी के प्रसिद्ध कवियों की सांगीतिक प्रस्तुति
246 _aShabda svar samāgama: hindī ke prasiddha kaviyoan kī sāangītik prastuti
260 _aनई दिल्ली
_bकनिष्क पब्लिशर्स भारत
_c2015
300 _a225पृ0
_ccm.
650 _aल्थ्ल्त् क्ल्ज्ञ
942 _hNR44, 152Q5
_cTEXL
_2cc
999 _c1015271
_d1015271